01275 2200205 4500001002100000005001500021035002000036008004100056245003700097100001700134250000600151260003800157300001200195084001400207082000800221650001000229520080600239990001201045990001201057INLIS00000000000085420240607081702 a0010-0524000089240607 1 ind 1 aAccidentally Love /cRatna Pande aPande, Ratna a1 aYogyakarta :bSheila/ Andi,c2012 a156 hlm a813 RAT a a813 4aFiksi aMama Tasya yang khawatir melihat putrinya belum bisa melupakan mantan kekasihnya, berencana menjodohkannya dengan putra salah seorang temannya. Sebuah rencana terselubung. Namun, rencana agar Tasya mendatangi Diego, putra Bu Zahra, ternyata tidak berjalan mulus. Tasya yang tidak tahu tentang rencana mamanya itu, benar-benar pusing saat harus mengantar pesanan pelanggan butik mamanya, dengan cara yang sungguh merepotkan. Dan saat Diego menganggap Tasya sengaja mengejarnya, Tasya mengaku bahwa dia sudah punya pacar. Dia meminta sahabatnya untuk mengaku sebagai kekasihnya. Semua berjalan seperti keinginan Tasya sampai akhirnya Diego tahu kalau Tasya hanya ingin mempermainkannya. Diego sendiri telah jatuh hati pada Tasya dan berniat untuk merebut hati Tasya dari Mandar, pacar pura-pura Tasya. a0741308 a0741309